01033nam a2200253 i 4500001001000000003000900010005001700019007000300036008004100039040003000080082002900110100004400139245005700183264006200240300005500302336002700357337003300384338002800417500006400445504003500509600009100544651007800635651006600713000013415DO-SdBNP20250630100924.0ta091124t1980 dr ac 001 0bspa d aDO-SdBNPbspacBNPHUerda 4a923.17293053bT866ar2221 aArzeno Rodríguez, Luis,d1922-eautor10aChapita no ... Trujillo! /cLuis Arzeno Rodríguez. 1aSanto Domingo :bIndustria de Artes Gráficas Ril,c1980 a134 páginas :bilustraciones, retratos ;c21 cm. 2rdacontentatextobtxt 2rdamediaasin mediaciónbn 2rdacarrieravolumenbnc aIncluye datos biográficos del autor en la contracubierta. aBibliografía : página 133.10aTrujillo Molina, Rafael Leónidas,d1891-1961vAnécdotas, chistes y sátiras, etc. 4aRepública DominicanaxPolítica y gobiernoyEra de Trujillo, 1930-1961 0aRepública DominicanaxHistoria yEra de Trujillo, 1930-1961